The world since 1945 : (Record no. 54884)
[ view plain ]
| 000 -LEADER | |
|---|---|
| fixed length control field | 00770nam a2200253 a 4500 |
| 001 - CONTROL NUMBER | |
| control field | 54884 |
| 003 - CONTROL NUMBER IDENTIFIER | |
| rucl marc code | BD-RjUL |
| 005 - DATE AND TIME OF LATEST TRANSACTION | |
| control field | 20211209080200.0 |
| 008 - FIXED-LENGTH DATA ELEMENTS--GENERAL INFORMATION | |
| fixed length control field | 161112s2001 enkab b 001 0 eng c |
| 020 ## - INTERNATIONAL STANDARD BOOK NUMBER | |
| International Standard Book Number | 0340662352 |
| International Standard Book Number | 0340662360 (pbk.) |
| 035 ## - SYSTEM CONTROL NUMBER | |
| System control number | (BD-RjUL)55006 |
| 040 ## - CATALOGING SOURCE | |
| Original cataloging agency | UKM |
| Transcribing agency | UKM |
| Modifying agency | BD-RjUL |
| Language of cataloging | eng |
| 041 ## - LANGUAGE CODE | |
| Language code of text/sound track or separate title | eng |
| 082 00 - DEWEY DECIMAL CLASSIFICATION NUMBER | |
| Classification number | 909.82 |
| Edition number | 23 |
| Author mark and year | BEW 2001 |
| 100 1# - MAIN ENTRY--PERSONAL NAME | |
| Personal name | Bell, P. M. H. |
| Fuller form of name | (Philip Michael Hett), |
| Dates associated with a name | 1930- |
| 9 (RLIN) | 163605 |
| 245 14 - TITLE STATEMENT | |
| Title | The world since 1945 : |
| Remainder of title | an international history / |
| Statement of responsibility, etc. | P.M.H. Bell. |
| 260 ## - PUBLICATION, DISTRIBUTION, ETC. (IMPRINT) | |
| Place of publication, distribution, etc. | London : |
| Name of publisher, distributor, etc. | Oxford University Press, |
| Date of publication, distribution, etc. | 2001. |
| 300 ## - PHYSICAL DESCRIPTION | |
| Pagination | xii, 593 p. : |
| Illustrations | ill. ; |
| Size | 24 cm. |
| 500 ## - GENERAL NOTE | |
| General note | Includes Index |
| 650 #0 - SUBJECT ADDED ENTRY--TOPICAL TERM | |
| Topical term or geographic name as entry element | World history |
| Chronological subdivision | 1945-1989. |
| 9 (RLIN) | 163606 |
| Topical term or geographic name as entry element | History, Modern |
| Chronological subdivision | 1989- |
| 9 (RLIN) | 163607 |
| 942 ## - ADDED ENTRY ELEMENTS (KOHA) | |
| Source of classification or shelving scheme | Dewey Decimal Classification |
| Koha item type | Books |
| Lost status | Source of classification or shelving scheme | Damaged status | Not for loan | Collection code | Permanent Location | Current Location | Shelving location | Date acquired | Source of acquisition | Cost, normal purchase price | Total Checkouts | Full call number | Date last seen | Copy number | Koha item type |
|---|---|---|---|---|---|---|---|---|---|---|---|---|---|---|---|
| Dewey Decimal Classification | Non-fiction | Central Library, University of Rajshahi | Central Library, University of Rajshahi | 24/06/2009 | Dhaka, Ahsonia mission Book House, | 6134.55 | 909.82 BEW 2001 | 12/11/2016 | C-2 | Books | |||||
| Dewey Decimal Classification | Not For Loan | Non-fiction | Central Library, University of Rajshahi | Central Library, University of Rajshahi | Reading Room | 24/06/2009 | Dhaka, Ahsania mission book dis. home. | 6134.55 | 909.82 BEW 2001 | 28/01/2017 | C-1 | Books |